01853nam a22004214a 4500001001200000003000800012006001900020007001500039008004100054010001700095015001900112016001800131020002800149040002100177035002100198043001200219050002600231082002400257245012600281260006600407300002400473490003100497500020500528504005100733533015200784650004600936650004200982650004601024650005701070651004101127653002601168655002901194700001701223700002001240710001701260830002801277856012601305ebr10211384CaPaEBRm u cr cn|||||||||060207s2006 enka sb 101 0 eng  z 2006003898 aGBA6364342bnb7 z0134373192Uk z0754646955 (alk. paper) aCaPaEBRcCaPaEBR a(OCoLC)427508875 aa-cc---14aHD2097b.C4628 2006eb04a330.951009173/422200aChina's rural economy after WTOh[electronic resource] :bproblems and strategies /cedited by Shunfeng Song, Aimin Chen. aAldershot, England ;aBurlington, VT :bAshgate Pub.,cc2006. axiv, 367 p. :bill.1 aThe Chinese economy series aSelections from papers presented at the international symposium on "China's Rural Economy: Problems and Strategies," organized by the Chinese Economists Society in Hangzhou, China on June 25-27, 2004. aIncludes bibliographical references and index. aElectronic reproduction.bPalo Alto, Calif. :cebrary,d2013.nAvailable via World Wide Web.nAccess may be limited to ebrary affiliated libraries. 0aAgriculture and statezChinavCongresses. 0aRural developmentzChinavCongresses. 0aRural-urban migrationzChinavCongresses. 0aRural womenzChinaxEconomic conditionsvCongresses. 0aChinaxRural conditionsvCongresses.1 aChina's rural economy 7aElectronic books.2local1 aChen, Aimin.1 aSong, Shunfeng.2 aebrary, Inc. 0aChinese economy series.40uhttp://site.ebrary.com/lib/rucke/Doc?id=10211384zAn electronic book accessible through the World Wide Web; click to view